000
00221 a2200097 4500
001
30163
100
_a
Slonim Marc
245
_a
An outline of Russian L.
260
_a
London
_b
Oxford University
_c
090
_c
20106
_d
20106
942
_a
NUST-CAE
_c
M
_c
11233
999
_c
265236
_d
265236